Laboratory manual in physics : including viva voces Part-II a complete practical book class- xii (Record no. 1396661)

MARC details
000 -LEADER
fixed length control field 00622nam a2200205Ia 4500
005 - DATE AND TIME OF LATEST TRANSACTION
control field 20250508165654.0
008 - FIXED-LENGTH DATA ELEMENTS--GENERAL INFORMATION
fixed length control field 008 250505s9999 xx 000 0 eng d
037 ## - SOURCE OF ACQUISITION
Stock number Periodicals
040 ## - CATALOGING SOURCE
Original cataloging agency FEDL
Language of cataloging eng
Transcribing agency FEDL
041 ## - LANGUAGE CODE
Language code of text/sound track or separate title eng
Source of code eng
084 ## - COLON CLASSIFICATION NUMBER
Classification number 530, MIT
Assigning agency FEDL
100 ## - MAIN ENTRY--PERSONAL NAME
Personal name Mittal R.S
9 (RLIN) 781572
245 #0 - TITLE STATEMENT
Title Laboratory manual in physics : including viva voces Part-II a complete practical book class- xii
260 ## - PUBLICATION, DISTRIBUTION, ETC.
Place of publication, distribution, etc. New Delhi, India
Name of publisher, distributor, etc. Arya Book Depot
Date of publication, distribution, etc. 2002
300 ## - PHYSICAL DESCRIPTION
Extent xiii,314p.
365 ## - TRADE PRICE
Price type code INR
Price amount 85
700 ## - ADDED ENTRY--PERSONAL NAME
Personal name Singal S.
9 (RLIN) 781573
942 ## - ADDED ENTRY ELEMENTS (KOHA)
Koha item type Periodicals
Classification part 530, MIT
Holdings
Withdrawn status Lost status Damaged status Not for loan Home library Current library Date acquired Cost, normal purchase price Total Checkouts Full call number Barcode Date last seen Price effective from Koha item type
        Department of Education Library Department of Education Library 2025-05-08 85.00   530, MIT EL0090313 2025-05-08 2025-05-08 Periodicals
Copyright @ Delhi University Library System